Recomendaciones para la homogenización de normas de bioseguridad en Centroamérica (Registro nro. 342)
[ vista simple ]
| 000 -CABECERA | |
|---|---|
| Campo de control | 00700nam a2200205 a 4500 |
| 005 - FECHA Y HORA DE LA ULTIMA TRANSACCION | |
| Campo de control | 20171121101406.0 |
| 008 - ELEMENTOS DE LONGITUD FIJA—INFORMACION GENERAL | |
| Campo de control | 140220b1995 gt d||||r|||| 00| 0 spa d |
| 040 ## - FUENTE DE CATALOGACIÓN | |
| Agencia catalogadora original | CO-BoIAVH |
| Agencia transcriptora | CO-BoIAVH |
| 041 0# - IDIOMA | |
| Código de idioma para texto/pista de sonido o título separado | Español |
| 044 ## - PAÍS DE PUBLICACIÓN | |
| País de publicación | Guatemala |
| 082 04 - NUMERO DE CLASIFICACION DECIMAL DEWEY | |
| Número de clasificación | 344.042 |
| Número del ítem | G81r |
| 110 2# - ASIENTO PRINCIPAL--NOMBRE CORPORATIVO | |
| Nombre corporativo o de jurisdicción como elemento de entrada | Greenpeace Centroamerica |
| 9 (RLIN) | 7393 |
| 245 10 - MENCION DE TITULO | |
| Título | Recomendaciones para la homogenización de normas de bioseguridad en Centroamérica |
| 260 ## - PUBLICACION, DISTRIBUCION, ETC. (PIE DE IMPRENTA) | |
| Lugar de publicación, distribución, etc. | Guatemala : |
| Nombre del editor, distribuidor, etc. | Greenpeace International Publications, |
| Fecha de publicación, distribución, etc. | 1995. |
| 300 ## - DESCRIPCION FISICA | |
| Extensión | 13 páginas : |
| Otros detalles físicos | tablas ; |
| Dimensiones | 28 x 22 cm. |
| 650 26 - ASIENTO SECUNDARIO DE MATERIA - TERMINO TEMATICO | |
| Término temático o nombre geográfico como elemento de entrada | Bioseguridad |
| Subdivisión general | Política ambiental |
| 9 (RLIN) | 87041 |
| 650 26 - ASIENTO SECUNDARIO DE MATERIA - TERMINO TEMATICO | |
| Término temático o nombre geográfico como elemento de entrada | Bioseguridad |
| Subdivisión general | Genética |
| 9 (RLIN) | 87042 |
| 650 26 - ASIENTO SECUNDARIO DE MATERIA - TERMINO TEMATICO | |
| Término temático o nombre geográfico como elemento de entrada | Bioseguridad |
| Subdivisión general | Legislación |
| 9 (RLIN) | 87043 |
| 942 ## - ELEMENTOS ADICIONALES (KOHA) | |
| Tipo de ítem | Libro |
| Sistema de clasificación | Dewey Decimal Classification |
| Withdrawn status | Lost status | Sistema de Clasificación | Damaged status | No para préstamo | Colección | Inventariado | Ubicación Permanente | Ubicación actual | Fecha de adquisición | Fuente de Valor | Total Checkouts | Número topográfico | Inventario / Código de Barras | Date last seen | Ejemplar | Price effective from | Forma de adquisición | Tipo de material |
|---|---|---|---|---|---|---|---|---|---|---|---|---|---|---|---|---|---|---|
| Dewey Decimal Classification | General | Inventariado 2017 | Sala Fabio Quevedo | Sala Fabio Quevedo | 29/12/1997 | Andrade Pérez, Germán Ignacio | LB-344.042 G81r | 000476 | 04/12/2012 | Ej. 1 | 04/12/2012 | Donación | Folleto |